|
|
|
|
| LEADER |
00000cam a2200000Mi 4500 |
| 001 |
JSTOR_on1204853662 |
| 003 |
OCoLC |
| 005 |
20231005004200.0 |
| 006 |
m d |
| 007 |
cr ||||||||||| |
| 008 |
181130t20182018enkab ob 000 0 eng d |
| 010 |
|
|
|a 2017393804
|
| 040 |
|
|
|a LUN
|b eng
|e rda
|c LUN
|d OCLCO
|d OCLCF
|d UKAHL
|d JSTOR
|d OCLCO
|d OCLCQ
|d OCLCO
|
| 015 |
|
|
|a GBB8N5784
|2 bnb
|
| 016 |
7 |
|
|a 019174450
|2 Uk
|
| 020 |
|
|
|a 9781789690798
|q (electronic bk.)
|
| 020 |
|
|
|a 178969079X
|q (electronic bk.)
|
| 020 |
|
|
|a 9781789690804
|q (electronic bk.)
|
| 020 |
|
|
|a 1789690803
|q (electronic bk.)
|
| 035 |
|
|
|a (OCoLC)1204853662
|
| 037 |
|
|
|a 22573/ctv1z9qthp
|b JSTOR
|
| 041 |
0 |
|
|a eng
|a spa
|
| 043 |
|
|
|a e-sp---
|a e-po---
|
| 050 |
|
4 |
|a DP96
|b .B37 2018
|
| 082 |
0 |
4 |
|a 936.6
|2 23
|
| 049 |
|
|
|a UAMI
|
| 100 |
1 |
|
|a Barroso Cabrera, Rafael,
|e author.
|
| 245 |
1 |
0 |
|a Etnicidad vs. aculturación :
|b las necrópolis castellanas de los siglos V-VI d.C. y el asentamiento visigodo en la Península Ibérica : una mirada desde la meseta sur /
|c Rafael Barroso Cabrera.
|
| 264 |
|
1 |
|a Oxford :
|b Archaeopress,
|c [2018]
|
| 264 |
|
4 |
|c ©2018
|
| 300 |
|
|
|a 1 online resource (227 pages) :
|b illustrations, maps.
|
| 336 |
|
|
|a text
|b txt
|2 rdacontent
|
| 336 |
|
|
|a still image
|b sti
|2 rdacontent
|
| 336 |
|
|
|a cartographic image
|b cri
|2 rdacontent
|
| 337 |
|
|
|a computer
|b c
|2 rdamedia
|
| 338 |
|
|
|a online resource
|b cr
|2 rdacarrier
|
| 490 |
1 |
|
|a Access archaeology
|
| 504 |
|
|
|a Includes bibliographical references (pages 182-225).
|
| 546 |
|
|
|a Text in English and Spanish.
|
| 590 |
|
|
|a JSTOR
|b Books at JSTOR All Purchased
|
| 590 |
|
|
|a JSTOR
|b Books at JSTOR Demand Driven Acquisitions (DDA)
|
| 650 |
|
0 |
|a Visigoths
|z Spain.
|
| 651 |
|
0 |
|a Iberian Peninsula
|x Antiquities.
|
| 650 |
|
6 |
|a Wisigoths
|z Espagne.
|
| 650 |
|
7 |
|a Antiquities
|2 fast
|
| 650 |
|
7 |
|a Visigoths
|2 fast
|
| 651 |
|
7 |
|a Europe
|z Iberian Peninsula
|2 fast
|
| 651 |
|
7 |
|a Spain
|2 fast
|
| 830 |
|
0 |
|a Access archaeology.
|
| 856 |
4 |
0 |
|u https://jstor.uam.elogim.com/stable/10.2307/j.ctv1zckxf4
|z Texto completo
|
| 938 |
|
|
|a Askews and Holts Library Services
|b ASKH
|n AH35972244
|
| 994 |
|
|
|a 92
|b IZTAP
|